Polar bears : proceedings of the Third Working Meeting of the Polar Bear Specialist Group /

Bibliographic Details
Corporate Author: IUCN Polar Bear Specialist Group
Format: Book
Language:English
Published: Morges : International Union for Conservation of Nature and Natural Resources, 1972.
Series:IUCN publications. Supplementary paper ; no. 35.
Subjects:

MARC

Tag First Indicator Second Indicator Subfields
LEADER 00000cam a2200000 i 4500
001 in00000038461
005 20151007081048.0
008 771018s1972 sz a b i10010 eng
010 |a  77367122  
015 |a Sw*** 
035 |a (OCoLC)03431815 
035 |9 AAF5816AM 
040 |a DLC  |c DLC  |d TXA  |d UtOrBLW 
049 |a TXAM  |c [1383135] 
050 0 0 |a QL737.C27  |b I57 1972 
082 0 |a 599/.7446 
110 2 |a IUCN Polar Bear Specialist Group. 
245 1 0 |a Polar bears :  |b proceedings of the Third Working Meeting of the Polar Bear Specialist Group /  |c organized by the Survival Service Commission of IUCN, 7-10 February 1972, at Morges, Switzerland. 
264 1 |a Morges :  |b International Union for Conservation of Nature and Natural Resources,  |c 1972. 
300 |a 97 pages :  |b illustrations ;  |c 30 cm. 
336 |a text  |b txt  |2 rdacontent 
337 |a unmediated  |b n  |2 rdamedia 
338 |a volume  |b nc  |2 rdacarrier 
490 1 |a IUCN publications : New series, supplementary paper ; no. 35 
500 |a Cover title. 
500 |a "Published with the assistance of the New York Zoological Society and the Conservation Foundation." 
504 |a Includes bibliographies. 
650 0 |a Polar bear  |x Congresses. 
830 0 |a IUCN publications.  |n New series.  |p Supplementary paper ;  |v no. 35. 
999 |a MARS 
999 f f |s c3dc54d0-2fbc-3146-8634-8d31a8f9dc88  |i 5ec05385-3096-35ff-b05c-6187ae832885  |t 0 
952 f f |p ric  |a Texas A&M University  |b Rellis Campus  |c Joint Library Facility  |d Remote Storage  |t 0  |e QL737.C27 I57 1972  |h Library of Congress classification  |i unmediated -- volume  |m A14804971373 
998 f f |a QL737.C27 I57 1972  |t 0  |l Remote Storage